Evaluation study of some biochemical markers in malignant and premalignant liver diseases / (رقم التسجيلة. 9447)

تفاصيل مارك
000 -LEADER
fixed length control field 015510000a22003490004500
003 - CONTROL NUMBER IDENTIFIER
control field EG-GICUC
005 - DATE AND TIME OF LATEST TRANSACTION
control field 20250223025256.0
008 - FIXED-LENGTH DATA ELEMENTS--GENERAL INFORMATION
fixed length control field 060917s2006 ua d f m 000 0 eng d
040 ## - CATALOGING SOURCE
Original cataloging agency EG-GICUC
Language of cataloging eng
Transcribing agency EG-GICUC
041 0# - LANGUAGE CODE
Language code of text/sound track or separate title eng
049 ## - LOCAL HOLDINGS (OCLC)
Holding library Deposite
097 ## - Thesis Degree
Thesis Level Ph.D
099 ## - LOCAL FREE-TEXT CALL NUMBER (OCLC)
Classification number Cai01.08.01.Ph.D.2006.Sa.E
100 0# - MAIN ENTRY--PERSONAL NAME
Personal name Sahar Mohamed Abdelraouf
245 10 - TITLE STATEMENT
Title Evaluation study of some biochemical markers in malignant and premalignant liver diseases /
Statement of responsibility, etc. Sahar Mohamed Abdelraouf ; Supervised Maged M. A .Barakat , Wafaa H. El Metnawy , Mamdouh El Shirbiny Ramadan
246 15 - VARYING FORM OF TITLE
Title proper/short title دراسة تقيمية لبعض الدلالات البيوكيميائية لمراحل حدوث سرطان الكبد
260 ## - PUBLICATION, DISTRIBUTION, ETC.
Place of publication, distribution, etc. Cairo :
Name of publisher, distributor, etc. Sahar Mohamed Abdelraouf ,
Date of publication, distribution, etc. 2006
300 ## - PHYSICAL DESCRIPTION
Extent 152 P. :
Other physical details charts ;
Dimensions 30cm
502 ## - DISSERTATION NOTE
Dissertation note Thesis (Ph.D.) - Cairo University - Faculty of Pharmacy - Department of Biochemistry
520 ## - SUMMARY, ETC.
Summary, etc. Hepatitis C virus (HCV) is the most common cause of chronic hepatitis in the worldApproximately 20 of patients with HCV will progress to chronic hepatitis , cirrhosis and hepatocellular carcinoma (HCC) over a period of 14 to 28 years
530 ## - ADDITIONAL PHYSICAL FORM AVAILABLE NOTE
Additional physical form available note Issued also as CD
653 #4 - INDEX TERM--UNCONTROLLED
Uncontrolled term AFP
653 #4 - INDEX TERM--UNCONTROLLED
Uncontrolled term Cirrhosis
653 #4 - INDEX TERM--UNCONTROLLED
Uncontrolled term HCV
700 0# - ADDED ENTRY--PERSONAL NAME
Personal name Maged M. A. Barakat ,
Relator term
700 0# - ADDED ENTRY--PERSONAL NAME
Personal name Mamdouh Elshirbiny Ramadan ,
Relator term
700 0# - ADDED ENTRY--PERSONAL NAME
Personal name Wafaa H. Elmetnawy ,
Relator term
856 ## - ELECTRONIC LOCATION AND ACCESS
Uniform Resource Identifier <a href="http://172.23.153.220/th.pdf">http://172.23.153.220/th.pdf</a>
905 ## - LOCAL DATA ELEMENT E, LDE (RLIN)
Cataloger Mustafa
Reviser Revisor
905 ## - LOCAL DATA ELEMENT E, LDE (RLIN)
Cataloger Samia
Reviser Cataloger
942 ## - ADDED ENTRY ELEMENTS (KOHA)
Source of classification or shelving scheme Dewey Decimal Classification
Koha item type Thesis
المقتنيات
Source of classification or shelving scheme Not for loan Home library Current library Date acquired Full call number Barcode Date last seen Koha item type Copy number
Dewey Decimal Classification   المكتبة المركزبة الجديدة - جامعة القاهرة قاعة الرسائل الجامعية - الدور الاول 11.02.2024 Cai01.08.01.Ph.D.2006.Sa.E 01010110045724000 22.09.2023 Thesis  
Dewey Decimal Classification   المكتبة المركزبة الجديدة - جامعة القاهرة مخـــزن الرســائل الجـــامعية - البدروم 11.02.2024 Cai01.08.01.Ph.D.2006.Sa.E 01020110045724000 22.09.2023 CD - Rom 45724.CD
Cairo University Libraries Portal Implemented & Customized by: Eng. M. Mohamady Contacts: new-lib@cl.cu.edu.eg | cnul@cl.cu.edu.eg
CUCL logo CNUL logo
© All rights reserved — Cairo University Libraries
CUCL logo
Implemented & Customized by: Eng. M. Mohamady Contact: new-lib@cl.cu.edu.eg © All rights reserved — New Central Library
CNUL logo
Implemented & Customized by: Eng. M. Mohamady Contact: cnul@cl.cu.edu.eg © All rights reserved — Cairo National University Library